000 00540nam a2200181Ia 4500
999 _c14805
_d14805
003 OSt
005 20231227160751.0
008 190216s9999||||xx |||||||||||||| ||und||
020 _a9788130918822
040 _coclc
082 _a822.33
_bSHA/T
100 1 _aShakespeare, William,
_d1564-1616
_vAdaptations
_974
245 4 _aThe Tempest /
_cWilliam Shakespeare ; Harold Bloom
260 _bViva Books,
_c2011.
_aNew Delhi:
300 _a174p
650 _aEnglish
942 _cBK
_2ddc
_h822.33
_iSHA/T
_k822.33
_mSHA/T